| 000 | 00781nam a2200301 i 4500 | ||
|---|---|---|---|
| 001 | 990009783660204201 | ||
| 003 | BJBSDDR | ||
| 005 | 20260323115140.0 | ||
| 007 | ta | ||
| 008 | 021121s2002 sp 000 0 spa d | ||
| 017 | _aM-34221-2002 | ||
| 020 | _a8448306996 | ||
| 035 | _aCSIC000978366 | ||
| 035 | _a(ES-MaCSI)000978366MAD01-Aleph | ||
| 035 | _a(OCoLC)433341260 | ||
| 040 |
_aES-MaCSI _bspa _cBJBSDDR |
||
| 041 | _aspa | ||
| 050 | _bV648l 2002 | ||
| 080 | _a929 Lincoln, Abraham | ||
| 100 | 1 |
_aVidal, César _921357 |
|
| 245 | 1 | 0 |
_aLincoln / _cCésar Vidal. |
| 260 |
_aMadrid : _bAcento, _c[2002]. |
||
| 300 |
_a349 p. ; _c22 cm. |
||
| 490 | _3Luces (Madrid) | ||
| 600 | 1 | 7 |
_aLincoln, Abraham _d(1809-1865). _2CSICAU |
| 942 |
_2lcc _cBK _n0 |
||
| 946 | _idpf | ||
| 999 |
_c126668 _d126668 |
||